Häufigste Schreibfehler mit B (Multiple Choice) - Statistiken

Allgemein
  • Dieses Quiz wurde 46 mal gespielt
  • Das Durchschnittsergebnis liegt bei 7 aus 9
Antwortstatistiken
Frage Antwort % Korrekt
Welche Schreibweise ist richtig? bisschen
97%
Welche Schreibweise ist richtig? Billard
94%
Welche Schreibweise ist richtig? Biskuit
89%
Welche Schreibweise ist richtig? Ballett
83%
Welche Schreibweise ist richtig? bombardieren
78%
Welche Schreibweise ist richtig? bestmöglich
75%
Welche Schreibweise ist richtig? Bescheid wissen
72%
Welche Schreibweise ist richtig? blutdürstig
58%
Welche Schreibweise ist richtig? brillant
58%
Keine übereinstimmenden Quizze gefunden
Verteilung der Resultate
Anzahl Personen mit jedem Resultat
Perzentil nach korrekt beantworteten Fragen
Ihre Resultats-Entwicklung
Sie haben dieses Quiz noch nicht gespielt